Samochody z PRL-u - Statystyki

Ogólne statystyki
  • Ten quiz został rozwiązany 441 razy
    390 od ostatniego zresetowania
  • Średni wynik to 8 z 14
Statystyki odpowiedzi
Samochód % Poprawnych
Fiat 126p|Maluch
95%
FSO Polonez
88%
Fiat 125p|Duży Fiat
85%
FSO Warszawa
83%
FSO Syrena
82%
Żuk
77%
Nysa
66%
Star
54%
Jelcz
47%
Tarpan
39%
FSC Lublin
33%
Autosan
22%
Mikrus MR 300
19%
Żubr
13%
Nie znaleziono quizów pasujących do podanych kryteriów
Rozkład punktacji
Procent ludzi z każdym wynikiem
Percentyl według liczby udzielonych odpowiedzi
Twoja historia wyników
Nie rozwiązałeś tego quizu od ostatniego zresetowania